000 00515nam a2200181Ia 4500
008 240729s9999 xx 000 0 und d
022 _a1753-0407
245 0 _aJournal of Diabetes
260 _aAustralia
260 _bWiley
650 _a Diseases of the endocrine glands. Clinical endocrinology
650 _a Internal medicine
650 _a Specialties of internal medicine
650 _aMedicine
856 _uhttps://doaj.org/toc/091860bb66a945df931f1a359ad26798
942 _2ddc
942 _cDOAJEJ
999 _c70420
_d70420
945 _a1
_bMadushi Gamage
_c1
_dMadushi Gamage